000 00269nam a22001217a 4500
008 180504b xxu||||| |||| 00| 0 eng d
041 _aeng
080 _a043.3
100 _a0
101 _aSHKI-BTH
245 _aE-Health services on cloud
_cDodaj,M
942 _2udc
_cBK
999 _c45670
_d45670